| 000 | 00647nam a2200217 a 4500 | ||
|---|---|---|---|
| 001 | BRCA_878 | ||
| 005 | 20190320203205.0 | ||
| 008 | 870303s1987 nyua---##b---#001-0#eng-d | ||
| 020 | _a0345345762 | ||
| 040 |
_aDLC _cDLC _dDLC |
||
| 050 | 4 |
_aNK7106 _b.H57 1987 |
|
| 245 | 1 | 0 |
_aThe History of Silver _ceditor general Claude Blair. |
| 260 |
_aNueva York _bBallantine Books _c1987 |
||
| 300 |
_a256 p. _bil. (algunas a color) _c30 cm. |
||
| 500 | _aIncluye índice alfabético y glosario | ||
| 504 | _aBibliografía : p. 243-245 | ||
| 650 | 1 | 4 |
_aTrabajos en plata _xHistoria _92927 |
| 700 | 1 |
_aBlair, Claude _92928 |
|
| 740 | 0 | _aPlata | |
| 942 |
_2lcc _cB |
||
| 999 |
_c773 _d773 |
||